Tower of God - Princesses de Zahard - Statistiques

Statistiques générales
  • Ce quiz a été pris 13 fois
  • Le résultat moyen est 9 sur 24
Statistiques - réponses
Satut Princesse % Correct
Statut inconnu An Zahard
100%
Active Ha Yuri Zahard
89%
Active, illégitime Anak Zahard
78%
Décédée Anak Zahard
78%
Active Endorsi Zahard
78%
Scellée Eurasia Enne Zahard
56%
Active Khun Mascheni Zahard
56%
Active Lo Po Bia Lilial Zahard
56%
Active Lo Po Bia Shilial Zahard
56%
En cavale Garam Zahard
44%
Active Khun Maria Zahard
44%
Active Arie Adori Zahard
33%
Active Jaina Repellista Zahard
33%
Décédée Yuram Zahard
33%
Statut inconnu Alphid Zahard
11%
Active Arie Hagipherione Zahard
11%
Statut inconnu Arie Horn Zahard
11%
Statut inconnu Arie Rose Zahard
11%
Statut inconnu Heice Zahard
11%
Statut inconnu Hendo Lok Gladmerry Zahard
11%
Statut inconnu Pondo Zahard
11%
Décédée Rebecca Pon Zahard
11%
Statut inconnu Yulia Zahard
11%
Décédée Yunie Zahard
11%
Aucun quiz correspondant
Distribution des résultats
% des personnes avec chaque résultat
Percentile par nombre de réponses
Votre historique - résultats
Vous n’avez pas pris ce quiz